| 000 | 00534nam a22002057a 4500 | ||
|---|---|---|---|
| 003 | OSt | ||
| 005 | 20140310182215.0 | ||
| 008 | 130906t xxu||||| |||| 00| 0 eng d | ||
| 020 | _a1856277410 | ||
| 050 |
_aTX 740 _b.T215 1995 |
||
| 082 |
_aHS 641.83 _bT18 1995 |
||
| 245 | _aTasty starters and salads / | ||
| 260 |
_aLondon : _bGrange Books, _cc1995. |
||
| 300 |
_a124 p. : _c28 cm. |
||
| 500 | _aincludes index. | ||
| 650 |
_aCookey. _916949 |
||
| 650 |
_aSalads (recipes) _916963 |
||
| 942 |
_2lcc _cHS |
||
| 999 |
_c10558 _d10558 |
||